| Поле | Инд. | ПП | Название | Значение |
|---|---|---|---|---|
| Тип записи | a | |||
| Библиографический уровень | a | |||
| 001 | Контрольный номер | cd2e918d52ec4fdfa1b4c35ed558e4db | ||
| 005 | Дата корректировки | 20190127081220.3 | ||
| 100 | a | Данные общей обработки | 20190122 ||| 0rusy0189 ca | |
| 101 | 0_ | a | Язык текста | rus |
| 102 | a | Страна публикации | RU | |
| 200 | 1_ | f | Первые сведения об ответственности | В.В. Ярков |
| a | Заглавие | О возможности приостановления производства по делу российским судом на основании приказа иностранного суда (п. 5 ст. 144 АПК РФ) | ||
| b | Общее обозначение материала | Текст | ||
| 210 | 1_ | d | Дата издания | 2018 |
| 461 | _0 | 1 | 2000 | |
| a | Арбитражный и гражданский процесс | |||
| 463 | _0 | 1 | 2000 | |
| a | № 12 | |||
| v | С. 17-19 | |||
| 1 | 2101 | |||
| d | 2018 | |||
| 1 | 0013516893b297b4098a819b35a081de238 | |||
| 606 | a | Основная рубрика | Гражданское процессуальное право | |
| 610 | 0_ | a | Ключевые слова | АРБИТРАЖНЫЙ ПРОЦЕСС |
| a | Ключевые слова | ПРИКАЗНОЕ ПРОИЗВОДСТВО | ||
| a | Ключевые слова | ИНОСТРАННЫЕ СУДЕБНЫЕ РЕШЕНИЯ ПРИЗНАНИЕ ИСПОЛНЕНИЕ | ||
| 700 | _1 | a | Фамилия | Ярков |
| b | Имя | В.В. | ||
| 801 | _0 | a | Страна | RU |
| b | Организация | РГУП | ||
| c | Дата составления | 20190122 | ||
| g | Правила каталогизации | PSBO | ||
| 801 | _1 | a | Страна | RU |
| b | Организация | РГУП | ||
| c | Дата составления | 20190122 | ||
| g | Правила каталогизации | PSBO | ||
| 901 | t | Тип документа | b | |
| w | Контрольный № источника | 3516893b297b4098a819b35a081de238 | ||
| 905 | a | Дата ввода | 20190122 |